A nemi erőszak mint háborús fegyver [absztrakt] /

Elmentve itt :
Bibliográfiai részletek
Szerző: Gábriel Gréta
Testületi szerző: IX. Móra Kárpát-medencei Interdiszciplináris Szakkollégiumi Konferencia
Dokumentumtípus: Könyv része
Megjelent: Szegedi Tudományegyetem Móra Ferenc Szakkollégium Szeged 2025
Sorozat:Móra Kárpát-medencei Interdiszciplináris Szakkollégiumi Konferencia 9
Kulcsszavak:Délszláv háború - 1991-2001 - előadáskivonat
Tárgyszavak:
Online Access:http://acta.bibl.u-szeged.hu/89056
LEADER 01002naa a2200229 i 4500
001 acta89056
005 20251202093032.0
008 251202s2025 hu o 100 hun d
040 |a SZTE Egyetemi Kiadványok Repozitórium  |b hun 
041 |a hun 
100 1 |a Gábriel Gréta 
245 1 2 |a A nemi erőszak mint háborús fegyver   |h [elektronikus dokumentum] :  |b [absztrakt] /  |c  Gábriel Gréta 
260 |a Szegedi Tudományegyetem Móra Ferenc Szakkollégium  |b Szeged  |c 2025 
300 |a 41 
490 0 |a Móra Kárpát-medencei Interdiszciplináris Szakkollégiumi Konferencia  |v 9 
650 4 |a Társadalomtudományok 
650 4 |a Jogtudomány 
650 4 |a Bölcsészettudományok 
650 4 |a Történettudomány és régészet 
695 |a Délszláv háború - 1991-2001 - előadáskivonat 
711 |a IX. Móra Kárpát-medencei Interdiszciplináris Szakkollégiumi Konferencia  |c Szeged  |d 2025. november 21-23. 
856 4 0 |u http://acta.bibl.u-szeged.hu/89056/1/morakonf_2025_041.pdf  |z Dokumentum-elérés